000 00505nam a2200157 i 4500
001 87146
003 ES-MaACL
007 t|
008 041220s1927 fr ||||1| fre d
100 1 _aKoehler, Wolfgang.
_968437
245 1 2 _aL'intelligence des singes superieurs /
_cpar Wolfgang Koehler ; traduit de l'allemand par P. Guillaume.
260 _aParis :
_b[s.n.,
_c1927] (
_fPresses Universitaires)
300 _a318 p., 7 lám. ;
_c23 cm.
700 1 _aGuillaume, P.
_960730
852 _aES-MaACL
_jB-5588
999 _c87146
_d87146